Bude to údržbárska vláda minister spravodlivosti Ján Čarnogurský o Dzurindovom kabinete ...

Bibliographic Details
Main Authors: Slišková, Nora (ain), Čarnogurský, Ján, 1944- (Author, uin)
Format: Article
Language:Slovak
PhysicalDescription:Fotogr.
ISSN:1335-4051
Subjects:

MARC

LEADER 00000nab a2200000 a 4500
001 vtls000766446
003 SK-MaSNL
005 20260303183352.0
008 180206c2001 xo 0 slo
015 |a SNBRB2001/09-24853 
035 |a CLN000118233 
040 |a SNKBUCL  |b slo  |c SNKBUCL  |e AACR2 
041 0 |a slo 
044 |a xo  |c SK 
080 |a 329.3:28(437.6)KDH:328.1(437.6)  |2 UDC-MRF-SK2 
080 |a 329.051(437.6)  |2 UDC-MRF-SK2 
100 1 |a Slišková, Nora  |4 ain  |9 266806 
245 1 0 |a Bude to údržbárska vláda  |b minister spravodlivosti Ján Čarnogurský o Dzurindovom kabinete ...  |c [zhovárala sa] Nora Slišková 
300 |b Fotogr. 
610 1 7 |a Slovensko.  |b Vláda  |2 snkbucl  |9 14235 
610 2 7 |a Kresťanskodemokratické hnutie (politická strana)  |2 snkbucl  |9 34649 
650 0 7 |a strany politické vládne  |z Slovensko  |2 snkbucl  |9 839279 
655 7 |a články z novín a časopisov  |2 snkbucl  |9 267496 
700 1 |a Čarnogurský, Ján,  |d 1944-  |4 aut  |4 uin  |9 196516 
773 0 |x 1335-4051  |t Pravda  |g Roč. 11, č. 158 (11.7.2001), s. 1 a 3 
850 |a Slovenská národná knižnica v Martine 
852 |a SNK  |b KIS3GCP 
958 |a RBX 
999 |c 2120739  |d 2122669